Mergers, acquisitions and corporate restructuring /

Bibliografiske detaljer
Andre forfattere: Vishwanath, S. R., 1971-, Krishnamurti, Chandrashekar, 1956-
Format: Bog
Sprog:English
Udgivet: New Delhi : Response Books ; Sage Publications, 2009.
Fag:
Classic Catalogue: View this record in Classic Catalogue
LEADER 01298nam a2200289 a 4500
001 15035166
003 BD-DhAAL
008 091115s2009 ii 001 0 eng d
010 |a  2007041465 
020 |a 9780761935865 (pbk.) 
040 |a DLC  |c DLC  |d DLC  |d BD-DhAAL 
082 0 0 |a 658.1/6  |2 22 
245 0 0 |a Mergers, acquisitions and corporate restructuring /  |c edited by Chandrashekar Krishnamurti, Vishwanath S.R. 
260 |a New Delhi :  |b Response Books ;  |b Sage Publications,   |c 2009. 
300 |a xix, 412 pages :  |b illustrations ;  |c 22 cm. 
500 |a Includes bibliographical references and index. 
526 |x Requisitioned by Faculties of BBS Course name and no : N/A 
541 1 |a Karim International  |e 00019592 
650 0 |a Consolidation and merger of corporations. 
650 0 |a Corporate reorganizations. 
650 0 |a Management. 
700 1 |a Vishwanath, S. R.,  |d 1971-  |9 58735 
700 1 |a Krishnamurti, Chandrashekar,  |d 1956-  |9 58736 
852 4 |a Ayesha Abed Library  |j General Shelf 
942 |2 ddc  |c BK 
999 |c 5523  |d 5523 
952 |0 0  |1 0  |2 ddc  |4 0  |6 658_160000000000000_MER  |7 0  |9 5398  |a BRACUL  |b BRACUL  |c GEN  |d 2009-11-14  |e Karim Interantional  |g 498.00  |l 0  |o 658.16 MER  |p 3010019592  |r 2009-11-15  |t 1  |v 996.00  |w 2009-11-15  |y BK  |x Requisitioned by Faculties of BBS. Course name and no. "not available".